Đất mẹ
Bewaard in:
| Hoofdauteur: | |
|---|---|
| Formaat: | Boek |
| Gepubliceerd in: |
H.
Văn học
2015
|
| Tags: |
Voeg label toe
Geen labels, Wees de eerste die dit record labelt!
|
| Thư viện lưu trữ: | Mạng thư viện Đại học Đà Nẵng |
|---|
| LEADER | 00601nam a2200217 4500 | ||
|---|---|---|---|
| 001 | 000023267 | ||
| 003 | 19717 | ||
| 005 | 20150813140832.0 | ||
| 008 | 150813s2015 sd | ||
| 100 | 1 | |a Trần Đình Mai | |
| 245 | 1 | 0 | |a Đất mẹ |c Trần Đình Mai |
| 260 | |a H. |b Văn học |c 2015 | ||
| 774 | |a Trần Đình Mai |d Văn học |d H. |d 2015 |g T.1 |h 472 tr. |t Đất mẹ |w 19718 | ||
| OWN | |a LSP | ||
| 999 | |a From the UDN01 | ||
| TYP | |a Monograph | ||
| TYP | |a Printed language | ||
| 980 | |a Mạng thư viện Đại học Đà Nẵng | ||